000 00427nam a22001697a 4500
003 OSt
005 20220415111105.0
008 220415b |||||||| |||| 00| 0 eng d
020 _a0471800171
040 _cHU
082 _a634..95
100 _aMARTYN DAVID SMITH
_935977
245 _aTHE PRACTICE OF SILVICULTURE
260 _aLONDON
_bJOHN WILEY & SONS
_c1962
300 _aVIII, 565 P
_bHC
_c25 CM
942 _2ddc
_cBOOKS
_n0
999 _c34844
_d34844